MARC

Tag First Indicator Second Indicator Subfields
LEADER 00000cas a2200000 a 4500
001 in00005684113
005 20260206172948.9
008 240103d20002005xo fr p o 0 0eng c
006 m o d
007 cr bn||||abp||
010 |a  2025240405 
040 |a OCLCE  |b eng  |e pn  |c OCLCE  |d OCLCO  |d OCLCS  |d OCLCF  |d UAB  |d FIE  |d JSTOR  |d CNMTR  |d LDP  |d LUN  |d OCLCL  |d OCLCQ  |d OCLKB  |d BWN  |d SFB  |d ORU  |d OCLCQ  |d ORU 
015 |a 021408572.  |2 dnb 
016 7 |a 021408572  |2 DE-101 
016 7 |a 2173894-4.  |2 DE-600 
019 |a 61311458  |a 535485506  |a 705869222  |a 1142403245  |a 1156924246  |a 1170477665  |a 1170541196  |a 1179348887  |a 1229347693  |a 1479472908 
022 |a 2644-5557  |y 1335-6259  |2 35 
023 0 |a 1335-6259  |2 35 
035 |a (OCoLC)1416723846  |z (OCoLC)61311458  |z (OCoLC)535485506  |z (OCoLC)705869222  |z (OCoLC)1142403245  |z (OCoLC)1156924246  |z (OCoLC)1170477665  |z (OCoLC)1170541196  |z (OCoLC)1179348887  |z (OCoLC)1229347693  |z (OCoLC)1479472908 
037 |a 22573/ctv29dr5k  |b JSTOR 
042 |a pcc  |a dlr 
043 |a e-xo--- 
050 4 |a DB2849  |b .S56 
082 0 4 |a 943.73  |2 23  |1 https://id.oclc.org/worldcat/ddc/E3MdPhc6MVgtFrcGGmVGjqRHT4 
222 0 |a Slovak foreign policy affairs  |b (Online) 
245 0 0 |a Slovak foreign policy affairs. 
246 1 |a SFPA 
264 1 |3 2000-2004 Spring:  |a Bratislava, Slovak Republic :  |b Slovak Foreign Policy Association (SFPA),  |c 2000-2005. 
264 3 1 |3 2004 Fall-2005:  |a Bratislava, Slovak Republic :  |b Research Center of Slovak Foreign Policy Association (RC SFPA) 
300 |a 1 online resource 
310 |a Semiannual 
336 |a text  |b txt  |2 rdacontent 
337 |a computer  |b c  |2 rdamedia 
338 |a online resource  |b cr  |2 rdacarrier 
362 1 |a Began with Spring 2000; ceased with Vol. 6, No. 2 (Fall 2005). 
515 |a First issue lacks numerical designation but constitutes Vol. 1, No. 1(Spring 2000). 
580 |a Merged with: Medzinárodné otázky to form: International issues & Slovak foreign policy affairs. 
506 |3 Use copy  |f Restrictions unspecified  |2 star  |5 MiAaHDL 
538 |a Master and use copy. Digital master created according to Benchmark for Faithful Digital Reproductions of Monographs and Serials, Version 1. Digital Library Federation, December 2002.  |u http://purl.oclc.org/DLF/benchrepro0212  |5 MiAaHDL 
583 1 |a digitized  |h HathiTrust Digital Library  |l committed to preserve  |2 pda  |5 MiAaHDL 
588 0 |a Print version record 
506 |a Access is limited to authorized users and institutions. 
651 0 |a Slovakia  |x Foreign relations  |v Periodicals. 
650 0 |a National security  |z Slovakia  |v Periodicals. 
651 0 |a Europe, Central  |v Periodicals. 
651 6 |a Slovaquie  |x Relations extérieures  |v Périodiques. 
650 7 |a Diplomatic relations  |2 fast 
650 7 |a National security  |2 fast 
651 7 |a Slovakia  |2 fast  |1 https://id.oclc.org/worldcat/entity/E39PBJkXtrVWwTxQXgBkqKGvHC 
655 7 |a periodicals.  |2 aat 
655 7 |a Periodicals  |2 fast 
655 7 |a Serial publications.  |2 lcgft 
655 7 |a Periodicals.  |2 lcgft 
655 7 |a Périodiques.  |2 rvmgf 
710 2 |a Slovenská spoločnost̕ pre zahraničnú politiku,  |e issuing body. 
710 2 |a Výskumné centrum Slovenskej spoločnosti pre zahraničnú politiku,  |e issuing body. 
776 0 8 |i Print version:  |t Slovak foreign policy affairs  |x 1335-6259  |w (DLC) 2005200107  |w (OCoLC)57367724 
785 1 7 |t Medzinárodné otázky  |w (DLC) 2004211319  |w (OCoLC)55654072 
785 1 7 |t International issues & Slovak foreign policy affairs  |x 1336-0361  |w (DLC) 2026234184  |w (OCoLC)259630914 
938 |b OCKB  |z jstor.securitystudiesresearchreports,b30a9367-e626-44a9-9877-96a102b1a11f-emi 
029 1 |a OCLCS  |b 120604 
029 1 |a AU@  |b 000065142098 
029 1 |a AU@  |b 000074863087 
029 1 |a AU@  |b 000075901855 
029 1 |a AU@  |b 000075904389 
029 1 |a AU@  |b 000075926402 
029 1 |a AU@  |b 000075936047 
029 1 |a AU@  |b 000076288278 
029 1 |a AU@  |b 000076535230 
029 1 |a AU@  |b 000076542086 
994 |a Z0  |b TXA 
948 |h HELD BY TXA - 389 OTHER HOLDINGS 
999 f f |i b955d1a6-691d-449d-ab29-36a249ec22ef  |s 7a0110aa-df62-4843-9092-9a751272f1f0  |t 0 
952 f f |a Texas A&M University  |b College Station  |c Electronic Resources  |s www_evans  |d Available Online  |t 0  |e DB2849  |g Electronic  |h Library of Congress classification 
998 f f |a DB2849  |t 0  |l Available Online